[Event "Ruhrgebiet Verbandsliga Gruppe 2 1819"]
[Site "Nordrheinwestfalen"]
[Date "2018.11.04"]
[Round "3.5"]
[White "Kantor, Nikita"]
[Black "Geerlings, Gerd"]
[Result "1/2-1/2"]
[WhiteElo "1787"]
[BlackElo "2024"]
[PlyCount "69"]
[EventDate "2018.09.23"]
[EventType "team-tourn"]
[EventRounds "9"]
[EventCountry "GER"]
[SourceTitle "EXT 2022"]
[Source "ChessBase"]
[SourceDate "2021.10.06"]
[SourceVersion "1"]
[SourceVersionDate "2021.10.06"]
[SourceQuality "1"]
[WhiteTeam "Brackel SF III"]
[BlackTeam "Essen Katernberg III"]
[WhiteTeamCountry "GER"]
[BlackTeamCountry "GER"]

1. d4 Nf6 2. Nc3 d5 3. Bf4 e6 4. Nb5 Na6 5. a3 c6 6. Nc3 Bd6 7. e3 0-0 8. Nf3 Bxf4 9. exf4 Qb6 10. Bd3 c5 11. Bxa6 bxa6 12. 0-0 Bd7 13. Qd2 Rfc8 14. Rab1 Rab8 15. dxc5 Rxc5 16. Ne5 Be8 17. Rfe1 Rd8 18. Qd3 Qc7 19. Qd4 Nd7 20. Nf3 Rc4 21. Qd3 Nc5 22. Qd1 Rxf4 23. Ne2 Re4 24. Nd2 Rh4 25. Nf3 Rh6 26. Ng3 Ne4 27. Nf1 f5 28. Qe2 Bb5 29. Qe3 e5 30. Rbd1 d4 31. Qb3+ Bc4 32. Qa4 Re6 33. Ng3 Nxg3 34. hxg3 Qc5 35. Rxe5 1/2-1/2

[Event "Ruhrgebiet Verbandsklasse Gruppe 3 1718"]
[Site "Germany"]
[Date "2017.12.03"]
[Round "4.7"]
[White "Hochstein, Udo"]
[Black "Kantor, Nikita"]
[Result "1/2-1/2"]
[WhiteElo "1876"]
[BlackElo "1804"]
[PlyCount "40"]
[EventDate "2017.09.17"]
[EventType "team-tourn"]
[EventRounds "9"]
[EventCountry "GER"]
[SourceTitle "EXT 2022"]
[Source "ChessBase"]
[SourceDate "2021.10.06"]
[SourceVersion "1"]
[SourceVersionDate "2021.10.06"]
[SourceQuality "1"]
[WhiteTeam "Bochum-Linden"]
[BlackTeam "Brackel SF III"]
[WhiteTeamCountry "GER"]
[BlackTeamCountry "GER"]

1. d4 g6 2. c4 Bg7 3. Nc3 c5 4. e3 cxd4 5. exd4 Nf6 6. Nf3 d5 7. c5 Nc6 8. Be2 0-0 9. 0-0 b6 10. cxb6 Qxb6 11. Na4 Qc7 12. h3 Ne4 13. Nc3 Rd8 14. Bb5 f6 15. Qa4 Nxc3 16. bxc3 Bb7 17. Be3 Na5 18. Rab1 Bc6 19. Bxc6 Nxc6 20. c4 Qd7 1/2-1/2

[Event "GER-chT U20"]
[Site "Borken"]
[Date "2016.12.28"]
[Round "3.6"]
[White "Kantor, Nikita"]
[Black "Grueninger, Maxim"]
[Result "1-0"]
[WhiteElo "1750"]
[BlackElo "1583"]
[PlyCount "89"]
[EventDate "2016.12.27"]
[EventType "team-swiss"]
[EventRounds "7"]
[EventCountry "GER"]
[SourceTitle "EXT 2018"]
[Source "ChessBase"]
[SourceDate "2017.10.13"]
[SourceVersion "1"]
[SourceVersionDate "2017.10.13"]
[SourceQuality "1"]
[WhiteTeam "Brackel"]
[BlackTeam "Erlangen"]
[WhiteTeamCountry "GER"]
[BlackTeamCountry "GER"]

1. d4 d5 2. c4 dxc4 3. Nf3 Nc6 4. d5 Nb4 5. Qa4+ c6 6. Qxb4 e6 7. Qxc4 exd5 8. Qc2 Nf6 9. e3 Bg4 10. Be2 Bd6 11. h3 Be6 12. Nc3 Qd7 13. Nd4 0-0 14. Nxe6 fxe6 15. 0-0 Qe7 16. e4 Bc7 17. f4 Rf7 18. e5 Nd7 19. Be3 Raf8 20. Na4 a6 21. Nc5 Bb6 22. b4 Nxc5 23. bxc5 Bc7 24. Rf3 Rd8 25. Rd1 g6 26. g4 Rdf8 27. Rdf1 Bb8 28. Bd4 Bc7 29. Bd3 Bb8 30. Qf2 Bc7 31. Kh1 Bb8 32. Rg1 Bc7 33. Qd2 Bd8 34. g5 Qe8 35. h4 Re7 36. Rg2 Ref7 37. Rh2 Be7 38. Qf2 Bd8 39. Qg3 Rg7 40. Qg4 Bc7 41. h5 Kf7 42. hxg6+ hxg6 43. Bxg6+ Rxg6 44. Rh7+ Kg8 45. Qh5 1-0

[Event "Herne op 5th"]
[Site "Herne"]
[Date "2016.05.28"]
[Round "5"]
[White "Kantor, Nikita"]
[Black "Ringwelski, Marius"]
[Result "0-1"]
[WhiteElo "1876"]
[BlackElo "2086"]
[PlyCount "70"]
[EventDate "2016.05.25"]
[EventType "swiss"]
[EventRounds "7"]
[EventCountry "GER"]
[SourceTitle "CBM 172 Extra"]
[Source "ChessBase"]
[SourceDate "2016.06.21"]
[SourceVersion "1"]
[SourceVersionDate "2016.06.21"]
[SourceQuality "1"]

1. e4 e5 2. Nf3 Nc6 3. Bc4 Bc5 4. c3 Nf6 5. d4 exd4 6. cxd4 Bb4+ 7. Nc3 Nxe4 8. 0-0 Bxc3 9. d5 Bf6 10. Re1 Ne7 11. Rxe4 d6 12. Bg5 0-0 13. Bxf6 gxf6 14. Nh4 Ng6 15. Qh5 Re8 16. Rae1 Re5 17. Nxg6 Rxh5 18. Re8+ Qxe8 19. Rxe8+ Kg7 20. Ne7 b5 21. Rg8+ Kh6 22. Bxb5 Bb7 23. Rg3 Re5 24. Ng8+ Rxg8 25. Rxg8 Re1+ 26. Bf1 Ba6 27. g4 Bxf1 28. h4 Bc4+ 29. Kh2 Bxd5 30. Kg3 Rg1+ 31. Kf4 Rg2 32. Ke3 f5 33. g5+ Kh5 34. Rg7 Kxh4 35. f3 Rxg5 0-1

[Event "Ruhrgebiet Verbandsklasse Gruppe 1 1516"]
[Site "Germany"]
[Date "2015.11.08"]
[Round "3.8"]
[White "Volbracht, Michael"]
[Black "Kantor, Nikita"]
[Result "0-1"]
[WhiteElo "1739"]
[BlackElo "1655"]
[PlyCount "66"]
[EventDate "2015.09.06"]
[EventType "team-tourn"]
[EventRounds "9"]
[EventCountry "GER"]
[SourceTitle "EXT 2022"]
[Source "ChessBase"]
[SourceDate "2021.10.06"]
[SourceVersion "1"]
[SourceVersionDate "2021.10.06"]
[SourceQuality "1"]
[WhiteTeam "Welper SV II"]
[BlackTeam "Brackel SF III"]
[WhiteTeamCountry "GER"]
[BlackTeamCountry "GER"]

1. e4 c5 2. f4 d5 3. exd5 Nf6 4. c4 e6 5. dxe6 Bxe6 6. d3 Bd6 7. Nc3 Qe7 8. Be2 Nc6 9. Nf3 0-0 10. 0-0 Rfe8 11. Bd2 Rad8 12. a3 a6 13. Qc2 Bxc4 14. dxc4 Nd4 15. Nxd4 cxd4 16. Rae1 dxc3 17. Bxc3 Bxf4 18. Bb4 Qc7 19. h3 Ne4 20. Bd3 Bh2+ 21. Kh1 Ng3+ 22. Kxh2 Nxf1+ 23. Kg1 Rxe1 24. Bxe1 Ne3 25. Qe2 Qf4 26. Bf2 Nf5 27. Qe4 Qd2 28. Bc2 g6 29. Be1 Qc1 30. Kh2 Qxb2 31. Bb4 Qf6 32. Qxb7 Qe5+ 33. Kh1 a5 0-1

[Event "Dortmund Sparkassen op-B"]
[Site "Dortmund"]
[Date "2015.07.01"]
[Round "5"]
[White "Olivares, Ricardo"]
[Black "Kantor, Nikita"]
[Result "0-1"]
[WhiteElo "1623"]
[BlackElo "1722"]
[PlyCount "36"]
[EventDate "2015.06.27"]
[EventType "swiss"]
[EventRounds "9"]
[EventCountry "GER"]
[SourceTitle "CBM 167 Extra"]
[Source "ChessBase"]
[SourceDate "2015.09.14"]
[SourceVersion "1"]
[SourceVersionDate "2015.09.14"]
[SourceQuality "1"]

1. e4 g6 2. d4 Bg7 3. f4 c5 4. c3 cxd4 5. cxd4 Qb6 6. Nf3 Nc6 7. e5 d6 8. h3 dxe5 9. fxe5 Nh6 10. Nc3 Nf5 11. Nd5 Qd8 12. Bc4 Be6 13. Qb3 Ncxd4 14. Qxb7 Bxd5 15. Bxd5 Rb8 16. Bxf7+ Kxf7 17. Ng5+ Ke8 18. Qe4 Ng3 0-1

[Event "Dortmund Sparkassen op-B"]
[Site "Dortmund"]
[Date "2014.07.18"]
[Round "7"]
[White "Kantor, Nikita"]
[Black "Truemper, Michael"]
[Result "1-0"]
[WhiteElo "1568"]
[BlackElo "1818"]
[PlyCount "27"]
[EventDate "2014.07.12"]
[EventType "swiss"]
[EventRounds "9"]
[EventCountry "GER"]
[SourceTitle "EXT 2022"]
[Source "ChessBase"]
[SourceDate "2021.10.06"]
[SourceVersion "1"]
[SourceVersionDate "2021.10.06"]
[SourceQuality "1"]

1. e4 e6 2. d4 d5 3. Nd2 Nf6 4. e5 Nfd7 5. Bd3 c5 6. c3 Nc6 7. Ne2 f6 8. Nf4 Nb6 9. Qh5+ Ke7 10. Ng6+ hxg6 11. exf6+ Kxf6 12. Qxh8 Kf7 13. Nf3 Qf6 14. Bg5 1-0

[Event "Dortmund Sparkassen op-B"]
[Site "Dortmund"]
[Date "2014.07.15"]
[Round "4"]
[White "Sherif, Malik"]
[Black "Kantor, Nikita"]
[Result "0-1"]
[WhiteElo "1419"]
[BlackElo "1568"]
[PlyCount "88"]
[EventDate "2014.07.12"]
[EventType "swiss"]
[EventRounds "9"]
[EventCountry "GER"]
[SourceTitle "EXT 2022"]
[Source "ChessBase"]
[SourceDate "2021.10.06"]
[SourceVersion "1"]
[SourceVersionDate "2021.10.06"]
[SourceQuality "1"]

1. Nf3 g6 2. g3 f5 3. Bg2 Nf6 4. 0-0 Bg7 5. c4 0-0 6. Nc3 d6 7. d4 a5 8. d5 Na6 9. Nd4 Qe8 10. Re1 Nc5 11. h3 Bd7 12. Be3 c6 13. Nb3 Nxb3 14. Qxb3 Qc8 15. Kh2 Nh5 16. Bg5 Rf7 17. Rad1 f4 18. Bh4 c5 19. Ne4 h6 20. gxf4 Nxf4 21. Rd2 Be5 22. Kh1 Nxh3 23. Bxh3 Bxh3 24. Bg3 Bg7 25. Kh2 Bf5 26. Nc3 g5 27. e4 Bg6 28. e5 dxe5 29. Bxe5 Bxe5+ 30. Rxe5 Qg4 31. Rde2 Raf8 32. Nd1 Bh5 33. R5e4 Qf5 34. R2e3 Bxd1 35. Qxd1 Qxf2+ 36. Kh1 Rf4 37. Qe1 Qxb2 38. Rxf4 Rxf4 39. Re2 Rh4+ 40. Kg2 Qd4 41. Rxe7 Qg4+ 42. Kf2 Rh2+ 43. Ke3 Qf4+ 44. Kd3 Qd4# 0-1

[Event "Dortmund Sparkassen op-B"]
[Site "Dortmund"]
[Date "2014.07.12"]
[Round "1"]
[White "Kantor, Nikita"]
[Black "Humpert, Stefan"]
[Result "0-1"]
[WhiteElo "1568"]
[BlackElo "1746"]
[PlyCount "74"]
[EventDate "2014.07.12"]
[EventType "swiss"]
[EventRounds "9"]
[EventCountry "GER"]
[SourceTitle "EXT 2022"]
[Source "ChessBase"]
[SourceDate "2021.10.06"]
[SourceVersion "1"]
[SourceVersionDate "2021.10.06"]
[SourceQuality "1"]

1. e4 c5 2. Nc3 d6 3. f4 Nf6 4. Nf3 e6 5. Bb5+ Bd7 6. Qe2 Nc6 7. 0-0 Be7 8. d3 0-0 9. Bxc6 Bxc6 10. b3 d5 11. f5 dxe4 12. dxe4 exf5 13. e5 Ne4 14. Nd1 Qd7 15. Bb2 Qc7 16. Ne3 g6 17. Qe1 Rad8 18. a4 a6 19. a5 c4 20. bxc4 b5 21. cxb5 Bxb5 22. c4 Bc6 23. Kh1 Rd3 24. Nd4 Bc5 25. Nexf5 Bxd4 26. Nxd4 Ba8 27. Qh4 Qxe5 28. Rab1 Rxd4 29. Bxd4 Qxd4 30. h3 Qe5 31. Rfd1 Ng3+ 32. Kg1 g5 33. Qh6 Ne2+ 34. Kh1 Nf4 35. Rd2 Nxg2 36. Rxg2 Bxg2+ 37. Kxg2 Qe4+ 0-1

[Event "Dortmund Sparkassen op-B"]
[Site "Dortmund"]
[Date "2013.08.02"]
[Round "7"]
[White "Kantor, Nikita"]
[Black "Wenzel, Martin"]
[Result "1-0"]
[WhiteElo "1276"]
[BlackElo "1880"]
[PlyCount "69"]
[EventDate "2013.07.27"]
[EventType "swiss"]
[EventRounds "9"]
[EventCountry "GER"]
[SourceTitle "EXT 2022"]
[Source "ChessBase"]
[SourceDate "2021.10.06"]
[SourceVersion "1"]
[SourceVersionDate "2021.10.06"]
[SourceQuality "1"]

1. Nf3 f5 2. c4 Nf6 3. g3 g6 4. b3 Bg7 5. Bb2 0-0 6. Bg2 d6 7. d4 Qe8 8. 0-0 Nc6 9. d5 Nd8 10. Nbd2 e5 11. dxe6 Nxe6 12. Re1 Nc5 13. Ng5 h6 14. Ngf3 a5 15. Qc2 Nce4 16. Nd4 Nxf2 17. e4 N2xe4 18. Nxe4 Nxe4 19. Bxe4 fxe4 20. Rxe4 Qd8 21. Ne6 Bxe6 22. Rxe6 Bxb2 23. Qxb2 Qg5 24. Rae1 Qc5+ 25. R1e3 Qf5 26. Re1 Kh7 27. Qg2 Rf7 28. Qxb7 Qc5+ 29. Kh1 Raf8 30. Qe4 Rf1+ 31. Kg2 R8f2+ 32. Kh3 Rxh2+ 33. Kxh2 Qh5+ 34. Qh4 Rf2+ 35. Kg1 1-0

[Event "Dortmund Sparkassen op-B"]
[Site "Dortmund"]
[Date "2012.07.18"]
[Round "5"]
[White "Kantor, Nikita"]
[Black "Eckert, Jasmin"]
[Result "0-1"]
[WhiteElo "1128"]
[BlackElo "1449"]
[PlyCount "84"]
[EventDate "2012.07.14"]
[EventType "swiss"]
[EventRounds "9"]
[EventCountry "GER"]
[SourceTitle "EXT 2014"]
[Source "ChessBase"]
[SourceDate "2013.11.20"]
[SourceVersion "1"]
[SourceVersionDate "2013.11.20"]
[SourceQuality "1"]

1. e4 e5 2. Nf3 Nc6 3. Bb5 a6 4. Ba4 Nf6 5. 0-0 d6 6. Bxc6+ bxc6 7. d3 Bg4 8. h3 Bh5 9. Bg5 h6 10. Bh4 Be7 11. Nbd2 0-0 12. c3 Nd7 13. Bxe7 Qxe7 14. Qa4 Nc5 15. Qc4 Qd7 16. d4 Bxf3 17. Nxf3 Nxe4 18. dxe5 d5 19. Qa4 f6 20. Rad1 Rfe8 21. c4 Qe6 22. cxd5 cxd5 23. exf6 Nxf6 24. Nd4 Qd7 25. Qc2 Ne4 26. Qd3 Re5 27. Nf3 Rf5 28. g4 Rf6 29. Ne5 Qd6 30. Qxd5+ Qxd5 31. Rxd5 Re8 32. f3 Ng5 33. h4 Nh3+ 34. Kh2 Nf4 35. Rc5 Rfe6 36. Nd7 Re2+ 37. Kg3 Nd3 38. Rxc7 Rxb2 39. Rc3 Rd2 40. Ra3 Ree2 41. g5 Rg2+ 42. Kh3 Nf4# 0-1

[Event "Dortmund Sparkassen op-B"]
[Site "Dortmund"]
[Date "2010.07.25"]
[Round "9"]
[White "Kantor, Nikita"]
[Black "Nolte, Katharina"]
[Result "0-1"]
[WhiteElo "909"]
[BlackElo "1291"]
[PlyCount "42"]
[EventDate "2010.07.17"]
[EventType "swiss"]
[EventRounds "9"]
[EventCountry "GER"]
[SourceTitle "EXT 2014"]
[Source "ChessBase"]
[SourceDate "2013.11.20"]
[SourceVersion "1"]
[SourceVersionDate "2013.11.20"]
[SourceQuality "1"]

1. e4 c5 2. Nf3 Nc6 3. Nc3 g6 4. b3 Bg7 5. d3 Bxc3+ 6. Bd2 Bxa1 7. Qxa1 f6 8. Be2 d6 9. Ng5 Nd4 10. Qc3 fxg5 11. Bxg5 Nf6 12. Bd1 Rf8 13. Bh6 Rf7 14. Qd2 Ng4 15. f3 Nxh6 16. Qxh6 Qa5+ 17. Kf1 Qxa2 18. Kf2 Nxc2 19. Bxc2 Qxc2+ 20. Kg3 Qxb3 21. Qg5 a5 0-1

[Event "Dortmund Sparkassen op-B"]
[Site "Dortmund"]
[Date "2010.07.24"]
[Round "8"]
[White "Sterin, Andrei"]
[Black "Kantor, Nikita"]
[Result "1-0"]
[WhiteElo "1368"]
[BlackElo "909"]
[PlyCount "61"]
[EventDate "2010.07.17"]
[EventType "swiss"]
[EventRounds "9"]
[EventCountry "GER"]
[SourceTitle "EXT 2014"]
[Source "ChessBase"]
[SourceDate "2013.11.20"]
[SourceVersion "1"]
[SourceVersionDate "2013.11.20"]
[SourceQuality "1"]

1. e4 e5 2. Nf3 Nc6 3. Bb5 d6 4. 0-0 Bd7 5. c3 Nf6 6. Re1 Be7 7. d4 0-0 8. Bg5 a6 9. Ba4 b5 10. Bc2 Nh5 11. Bxe7 Qxe7 12. dxe5 dxe5 13. Nxe5 Qxe5 14. Qxd7 Ne7 15. Nd2 Rad8 16. Nf3 Qc5 17. Qg4 Nf6 18. Qh3 h6 19. e5 Nfd5 20. Re4 Qc6 21. Nd4 Qg6 22. Rg4 Qb6 23. e6 Ng6 24. exf7+ Rxf7 25. Rxg6 Qc5 26. Qe6 Nf4 27. Qb3 Kh8 28. Qxf7 Nxg6 29. Qxg6 Kg8 30. Ne6 Qa7 31. Qxg7# 1-0

[Event "Dortmund Sparkassen op-B"]
[Site "Dortmund"]
[Date "2010.07.21"]
[Round "5"]
[White "Kantor, Nikita"]
[Black "Schrimpl, Michael"]
[Result "0-1"]
[WhiteElo "909"]
[BlackElo "1446"]
[PlyCount "78"]
[EventDate "2010.07.17"]
[EventType "swiss"]
[EventRounds "9"]
[EventCountry "GER"]
[SourceTitle "EXT 2014"]
[Source "ChessBase"]
[SourceDate "2013.11.20"]
[SourceVersion "1"]
[SourceVersionDate "2013.11.20"]
[SourceQuality "1"]

1. e4 d6 2. d4 Nf6 3. Nc3 g6 4. Bf4 Bg7 5. e5 dxe5 6. dxe5 Nfd7 7. Nf3 0-0 8. Bc4 c6 9. 0-0 b5 10. Bb3 a5 11. a4 b4 12. Ne4 Qc7 13. Qd4 c5 14. Qe3 Nxe5 15. Neg5 Nxf3+ 16. Qxf3 e5 17. Bg3 Bb7 18. Qg4 Qc6 19. Qh3 h6 20. Nxf7 Rxf7 21. Bxf7+ Kxf7 22. f3 h5 23. Bh4 Nd7 24. Rad1 Bc8 25. Qg3 Qxa4 26. b3 Qc6 27. Qh3 Nb6 28. Qg3 Bf5 29. f4 e4 30. Rf2 Re8 31. Re1 Bd4 32. Qg5 Kg7 33. h3 Bxf2+ 34. Kxf2 Qd6 35. Kf1 Nc8 36. Kg1 Qd4+ 37. Kf1 e3 38. g3 e2+ 39. Rxe2 Qd1+ 0-1

[Event "Dortmund Sparkassen op-B"]
[Site "Dortmund"]
[Date "2010.07.17"]
[Round "1"]
[White "Kantor, Nikita"]
[Black "Beyer, Thomas"]
[Result "0-1"]
[WhiteElo "909"]
[BlackElo "1801"]
[PlyCount "62"]
[EventDate "2010.07.17"]
[EventType "swiss"]
[EventRounds "9"]
[EventCountry "GER"]
[SourceTitle "EXT 2014"]
[Source "ChessBase"]
[SourceDate "2013.11.20"]
[SourceVersion "1"]
[SourceVersionDate "2013.11.20"]
[SourceQuality "1"]

1. e4 c6 2. d4 d6 3. Nc3 Nd7 4. Nf3 e5 5. Be3 Ngf6 6. Bd3 Be7 7. 0-0 0-0 8. Re1 Ng4 9. h3 Nxe3 10. Rxe3 Bg5 11. Nxg5 Qxg5 12. Rg3 Qh6 13. d5 Nf6 14. Qf3 Nh5 15. Rg4 Bxg4 16. Qxg4 Rad8 17. Be2 Nf4 18. Bf3 cxd5 19. exd5 f5 20. Qg3 Rf6 21. Re1 Rg6 22. Qh2 a6 23. a4 Rc8 24. Qh1 Rc4 25. a5 Nxh3+ 26. Kf1 Nf4 27. Qg1 e4 28. Nxe4 fxe4 29. Bxe4 Rxe4 30. g3 Qh3+ 31. Qg2 Qxg2# 0-1